Score 0/10 Timer 05:00
3 Plays Today
Question Answer % Correct
What is the name of Lily's pillow version of Marshall?Marshpillow
71.7%
What is Barney's job?P.L.E.A.S.E
61%
What does Ted try for the first time and eat a whole batch of?Bacon
60.9%
What does Robin claim her mom can make better than Barney's mom?Scrambled eggs
56.2%
What does Marshall ask Barney, Robin, and Ted to delete with 'no questions asked'?Text message
55.3%
Who is the Captain engaged to?Becky
48.2%
What does Robin steal from the wedding of her ex-boyfriend, Simon?Wedding cake
32.3%
What kind of scotch did Ted steal for Barney?Glen McKenna
30.7%
The hotel room in which Barney keeps his suits is under what name?Susan Tupp
22.8%
Who does Ted couple off with at the beginning of the wedding weekend?Cassie
17.2%
Remove Ads.
Support Sporcle.
Get the best of Sporcle when you Go Orange. This ad-free experience offers more features, more stats, and more fun while also helping to support Sporcle. Thank you for becoming a member.

You're not logged in!

Compare scores with friends on all Sporcle quizzes.
OR
Log In

Show Comments

Extras

Top Quizzes Today


Score Distribution

Your Account Isn't Verified!

In order to create a playlist on Sporcle, you need to verify the email address you used during registration. Go to your Sporcle Settings to finish the process.

Report this User

Report this user for behavior that violates our Community Guidelines.

Details: